Statistics for Name a Valid Answer - NBA

Click here to take the quiz!

General Stats

  • This quiz has been taken 5,557 times
  • The average score is 14 of 20

Answer Stats

Category Answer % Correct
Player with more points than Michael JordanKareem Abdul-Jabbar | Karl Malone | Kobe Bryant |
LeBron James
99%
City that had an NBA team sometime after 1960,
but doesn't now
Baltimore | Buffalo | Cincinnati | Kansas City | San Diego |
Seattle | St. Louis | Syracuse | Vancouver
89%
European-born MVPGiannis Antetokounmpo | Dirk Nowitzki
83%
Player listed at 5'9" or shorter with at least
5000 career points
Calvin Murphy | Muggsy Bogues | Isaiah Thomas |
Spud Webb | Nate Robinson | Earl Boykins
77%
Player born in Africa in the Hall of FameHakeem Olajuwon | Dikembe Mutombo | Steve Nash
76%
Player listed at 7'6" or tallerYao Ming | Shawn Bradley | Gheorghe Mureșan | Manute Bol
75%
Player who played their entire career with
a single team (19+ years)
Dirk Nowitzki | Kobe Bryant | Tim Duncan | John Stockton
75%
Celtics "Big Three" player from 2008Ray Allen | Kevin Garnett | Paul Pierce
74%
Player in the 50/40/90 shooting percentage club
for a single season
Stephen Curry | Steve Nash | Kevin Durant |
Larry Bird | Dirk Nowitzki | Reggie Miller |
Malcolm Brogdon | Mark Price
72%
Person who won Defensive Player of the Year
more than once
Kawhi Leonard | Rudy Gobert | Dwight Howard |
Ben Wallace | Dikembe Mutombo | Dennis Rodman |
Alonzo Mourning | Mark Eaton | Sidney Moncrief
71%
NBA commissionerMaurice Podoloff | J. Walter Kennedy | Larry O'Brien |
David Stern | Adam Silver
71%
Dunk contest winner (2000-2010)Vince Carter | Desmond Mason | Jason Richardson |
Fred Jones | Josh Smith | Nate Robinson |
Gerald Green | Dwight Howard
63%
Player listed at 7'3" or taller (2019-2020)Kristaps Porziņģis | Boban Marjanović | Tacko Fall
61%
#1 draft pick in the 1990s, not including ShaqDerrick Coleman | Larry Johnson | Chris Webber |
Glenn Robinson | Joe Smith | Allen Iverson | Tim Duncan |
Michael Olowokandi | Elton Brand
60%
Country that won an Olympic gold medal at
men's basketball (other than the U.S.)
Soviet Union | Yugoslavia | Argentina
60%
Former UCLA player who was MVP of the NBAKareem Abdul-Jabbar | Bill Walton | Russell Westbrook
58%
Player who became a Monstar in "Space Jam"Charles Barkley | Shawn Bradley | Patrick Ewing |
Larry Johnson | Muggsy Bogues
57%
2004 Detroit Pistons starterChauncey Billups | Richard Hamilton | Ben Wallace |
Rasheed Wallace | Tayshaun Prince
55%
Current NBA stadium not named for a corporationMadison Square Garden
50%
Player who recorded a quadruple double
(1973-present)
Nate Thurmond | Alvin Robertson | David Robinson |
Hakeem Olajuwon
47%

Score Distribution

Percentile by Number Answered

Percent of People with Each Score

Your Score History

You have not taken this quiz